| 000 | 00479nam a2200181Ia 4500 | ||
|---|---|---|---|
| 003 | GCL | ||
| 008 | 140319s9999 xx 000 0 eng d | ||
| 040 |
_aGCL / _cGCL |
||
| 082 | 0 | 4 |
_a100 _bS E |
| 100 | 1 | _aSTUMPT, SAMUEL E. | |
| 245 | 1 | 0 |
_aELEMENTS OF PHILOSOPHY: AN INTRODUCTIN, BRD ED. / _cSTUMPT, SAMUEL E. |
| 260 |
_a[S.N] : _bMC GRAW - HILL ، _c1993 |
||
| 300 | _a591 P. | ||
| 650 | 0 | 4 | _aMETAPHYSICS |
| 650 | 0 | 4 | _aPHILOSOPHY |
| 650 | 0 | 4 | _aPHILOSOPHERS |
| 942 |
_2ddc _cBK |
||
| 999 |
_c20665 _d20665 |
||